উচ্চতর গণিত প্রথম পত্র একাদশ-দ্বাদশ শ্রেণি / (Record no. 5477)
[ view plain ]
| 000 -LEADER | |
|---|---|
| fixed length control field | 00894nam a2200229 a 4500 |
| 001 - CONTROL NUMBER | |
| JCCL Control Number | 7320 |
| 003 - CONTROL NUMBER IDENTIFIER | |
| JCCL marc code | BD-JhCC |
| 005 - DATE AND TIME OF LATEST TRANSACTION | |
| control field | 20210624134019.0 |
| 008 - FIXED-LENGTH DATA ELEMENTS--GENERAL INFORMATION | |
| fixed length control field | 171217s2013 bg a|||| || | 000 0 ben d |
| 035 ## - SYSTEM CONTROL NUMBER | |
| system control number | (BD-JhCC)7320 |
| 040 ## - CATALOGING SOURCE | |
| Original cataloging agency | BD-JhCC |
| Modifying agency | BD-JhCC |
| 041 ## - LANGUAGE CODE | |
| Language code of Book | ben |
| 082 ## - DEWEY DECIMAL CLASSIFICATION NUMBER | |
| Classification number | 515 |
| Author mark and Year | ISM 2013 |
| 100 ## - MAIN ENTRY--PERSONAL NAME | |
| Personal name | ইসলাম, মোঃ নজরুল |
| 245 ## - TITLE STATEMENT | |
| Title | উচ্চতর গণিত প্রথম পত্র একাদশ-দ্বাদশ শ্রেণি / |
| Statement of responsibility, etc | মোঃ নজরুল ইসলাম, মোঃ কেতাব উদ্দীন |
| 260 ## - PUBLICATION, DISTRIBUTION, ETC. (IMPRINT) | |
| Place of publication, distribution, etc | ঢাকা : |
| Name of publisher, distributor, etc | জাতীয় শিক্ষাক্রম ও পাঠ্যপুস্তক বোর্ড, |
| Date of publication, distribution, etc | 2013. |
| 300 ## - PHYSICAL DESCRIPTION | |
| Pagination | 307 p. : |
| Dimensions | 24 cm. |
| 650 ## - SUBJECT ADDED ENTRY--TOPICAL TERM | |
| Topical term or geographic name as entry element | Mathematics Analysis |
| 700 ## - ADDED ENTRY--PERSONAL NAME | |
| Personal name | উদ্দীন, মোঃ কেতাব |
| 942 ## - ADDED ENTRY ELEMENTS (KOHA) | |
| Source of classification or shelving scheme | Dewey Decimal Classification |
| Koha item type | Books |
| Koha issues (borrowed), all copies | 3 |
| Source of classification or shelving scheme | Damaged status | Not for loan | Home library | Current library | Shelving location | Date of accession | Cost, normal purchase price | Total Checkouts | Full call number | Barcode | Date last seen | Date checked out | Copy number | Koha item type | Source of acquisition | Checked out | Method of acquisition | Currency |
|---|---|---|---|---|---|---|---|---|---|---|---|---|---|---|---|---|---|---|
| Dewey Decimal Classification | JCC Rouf Library | JCC Rouf Library | General Stacks | 12/18/2017 | 120.00 | 2 | 515 ISM 2013 | 7320 | 07/02/2025 | 06/18/2025 | C-1 | Books | ||||||
| Dewey Decimal Classification | JCC Rouf Library | JCC Rouf Library | General Stacks | 05/15/2019 | 144.00 | 1 | 515 ISM 2013 | 14745 | 01/21/2024 | 01/17/2024 | C-2 | Books | 7938 | |||||
| Dewey Decimal Classification | JCC Rouf Library | JCC Rouf Library | General Stacks | 08/29/2019 | 176.00 | 1 | 515 ISM 2019 | 15599 | 01/16/2022 | 04/25/2020 | C-3 | Books | ||||||
| Dewey Decimal Classification | JCC Rouf Library | JCC Rouf Library | General Stacks | 08/29/2019 | 176.00 | 5 | 515 ISM 2019 | 15598 | 01/28/2026 | 01/28/2026 | C-4 | Books | 02/23/2026 | |||||
| Dewey Decimal Classification | JCC Rouf Library | JCC Rouf Library | General Stacks | 08/29/2019 | 176.00 | 4 | 515 ISM 2019 | 15597 | 02/09/2026 | 01/15/2026 | C-5 | Books | ||||||
| Dewey Decimal Classification | JCC Rouf Library | JCC Rouf Library | General Stacks | 10/17/2023 | 120.00 | 515 ISL 2013 | 18131 | 10/17/2023 | C-6 | Books | Purchase | BDT |